| 000 | 01440nam a22003977a 4500 | ||
|---|---|---|---|
| 003 | CHAP | ||
| 005 | 20220329134516.0 | ||
| 008 | 971013s1994 r 00010 d | ||
| 010 | _a21369 | ||
| 011 | _a22341 | ||
| 035 | _a26435 | ||
| 040 | _cCHAP | ||
| 090 | _aTesis | ||
| 100 | 0 | 0 |
_aRuiz Galván, Cutberto. _9100676 |
| 245 | _aCrecimiento y distribución de biomasa en plantas de Pinus engelmannii Carr. bajo dos niveles de humedad del suelo | ||
| 260 |
_aChapingo, Méx. : _bEl autor, _c1994 |
||
| 300 |
_a109 h. _b: ilus. ; gráfs. |
||
| 502 | _aTesis (Ing. Forestal con orientación en Silvicultura) -- UACH. División de Ciencias Forestales | ||
| 590 |
_aALEPH _b10 _c20130110 _lUCH01 _h1245 |
||
| 590 |
_aBATCH-UPD _b10 _c20130110 _lUCH01 _h0144 |
||
| 590 |
_aBATCH-UPD _b10 _c20130110 _lUCH01 _h1539 |
||
| 590 |
_aBATCH-UPD _b10 _c20130409 _lUCH01 _h2143 |
||
| 590 |
_aBATCH-UPD _b10 _c20130410 _lUCH01 _h0942 |
||
| 590 |
_aBATCH-UPD _b10 _c20130914 _lUCH01 _h0637 |
||
| 590 |
_aCONVERSION _b10 _c20130109 _lUCH01 _h1313 |
||
| 650 | 1 | 4 |
_aBiomasa. _912825 |
| 650 | 1 | 4 |
_aPináceas _xPlántulas. _988258 |
| 650 | 1 | 4 |
_aPinus engelmannii. _988336 |
| 650 | 1 | 4 |
_aSuelos _xHumedad. _9110391 |
| 700 | 0 |
_aVelasco Bautista, Efraín. _9118374 |
|
| 901 | _aBK | ||
| 942 | _cFOLL | ||
| 949 |
_bBC _cTES _d-60941 _eTS1 _h26969 _i26435 _si |
||
| 949 |
_bBC _cTES _d-60942 _eTS2 _fc.2 _h26970 _i26435 _si |
||
| 949 |
_bBC _cTES _d-60943 _eTS2 _fc.3 _h26971 _i26435 _si |
||
| 999 |
_c21369 _d21369 |
||